000 00438nam a2200145 4500
001 109703
003 ES-MaACL
007 t|
008 061121s1987 sp r ||||1| spa d
100 1 _aMochón Morcillo, Francisco.
_981742
245 1 0 _aEconomía
_b: teoría y política /
_cFrancisco Mochón Morcillo.
260 _aMadrid [etc.] :
_bMcGraw-Hill,
_c1987.
300 _aXXV, 602 p. ;
_c24 cm.
852 _aES-MaACL
_jG-13335
_bR.115239
999 _c109703
_d109703